Невинная девушка с мешком золота: что ценится дороже: золото или невинность?: роман

Manylion Llyfryddiaeth
Prif Awdur: Успенский М. Г. Михаил Глебович
Crynodeb:В некотором весьма странном царстве новоиспеченный и крайне неопытный царь по пьянке взял да и побился об заклад с иноземным супостатом, что нравственность и законопослушность его подданных достигли столь небывалых высот, что даже невинная девушка с мешком золота способна без ущерба для обоих указанных сокровищ добраться до Рима — куда, как известно, ведут все дороги. И добро бы на деньги, дурак, спорил, а то ведь на все царство оптом, вместе с независимостью, самоопределением и народным самосознанием. Надо теперь как-то выкручиваться. Собирать золото, налаживать в путь невинную девушку под недреманным оком международных наблюдателей... Чудеса, чудовиша, мудрые и весьма жизненные наблюдения, царство Антихриста, путешествия и приключения, а также «наше все» — прилагаются.
Iaith:Rwseg
Cyhoeddwyd: Москва, Эксмо, 2005
Pynciau:
Fformat: Llyfr
KOHA link:https://koha.lib.tpu.ru/cgi-bin/koha/opac-detail.pl?biblionumber=94204

MARC

LEADER 00000nam0a2200000 4500
001 94204
005 20231031105540.0
010 |a 5699099832 
021 |a RU  |b 05-39188  |9 05-1948 
035 |a (RuTPU)RU\TPU\book\100896 
090 |a 94204 
100 |a 20060407d2005 m y0rusy5002 ca 
101 0 |a rus 
102 |a RU 
105 |a y z 000ay 
200 1 |a Невинная девушка с мешком золота: что ценится дороже: золото или невинность?  |e роман  |f М. Г. Успенский 
210 |a Москва  |c Эксмо  |d 2005 
215 |a 380 с. 
330 |a В некотором весьма странном царстве новоиспеченный и крайне неопытный царь по пьянке взял да и побился об заклад с иноземным супостатом, что нравственность и законопослушность его подданных достигли столь небывалых высот, что даже невинная девушка с мешком золота способна без ущерба для обоих указанных сокровищ добраться до Рима — куда, как известно, ведут все дороги. И добро бы на деньги, дурак, спорил, а то ведь на все царство оптом, вместе с независимостью, самоопределением и народным самосознанием. Надо теперь как-то выкручиваться. Собирать золото, налаживать в путь невинную девушку под недреманным оком международных наблюдателей... Чудеса, чудовиша, мудрые и весьма жизненные наблюдения, царство Антихриста, путешествия и приключения, а также «наше все» — прилагаются. 
610 1 |a фантастические романы 
610 1 |a русская литература 
610 1 |a фэнтези 
675 |a Р2  |v 3  |z rus 
700 1 |a Успенский  |b М. Г.  |g Михаил Глебович  |4 070 
801 0 |a RU  |b RKP  |c 20050719  |g PSBO 
801 1 |a RU  |b 63413507  |c 20060407  |g PSBO 
801 2 |a RU  |b 63413507  |c 20060414  |g PSBO 
942 |c BK